Statistics for Failed Flag Proposals - Crosses

Click here to take the quiz!

General Stats

  • This quiz has been taken 455 times
  • The average score is 10 of 20

Answer Stats

Answer% Correct
Ireland
99%
Spain
87%
United Kingdom
84%
Estonia
82%
South Africa
81%
Canada
79%
Sweden
77%
Germany
73%
Lithuania
59%
Australia
58%
New Zealand
56%
Latvia
46%
Iceland
28%
Belarus
27%
India
26%
China
23%
Jamaica
19%
Norway
17%
Finland
15%
Ghana
8%

Score Distribution

Percentile by Number Answered

Percent of People with Each Score

Your Score History

You have not taken this quiz